000 01224nam0a22002531 4500
001 rc\961967
005 20041129100517.1
035 _a(NLR Aleph) 006131603
090 _a5567453
_c5567453
100 _a20041129d1982 u |0rusy50 ca
101 0 _arus
102 _aRU
105 _ay |||||||||
200 1 _aСущность управления
_eРазвитие теории и практики управления в СССР и за рубежом
_eМетод. разраб.
_fИн-т повышения квалификации руководящих работников и специалистов судостроит. пром-сти
_g[К. э. н. Н.В. Брунштейн]
210 _aЛ.
_cИКП СП
_d1982
215 _a22 с.
_d20
320 _aБиблиогр.: с. 21
702 1 _aБрунштейн
_bН. В.
_gНина Владимировна
_4220
712 0 2 _aИнститут повышения квалификации руководящих работников и специалистов судостроительной промышленности
_cЛенинград
801 0 _aRU
_bNLR
_gpsbo
801 1 _aRU
_bELAR
_2rusmarc
852 _aNLR
_j83-4/16262
942 _cBOOK
980 _aNB